Les joueurs du Lille OSC en Ligue 1 2019/2020 - Statistiques

Statistiques générales
  • Ce quiz a été pris 115 fois
  • Le résultat moyen est 16 sur 25
Statistiques - réponses
Poste Pays Nom % Correct
G France Mike Maignan
97%
D Portugal José Fonte
96%
A Etats-Unis Timothy Weah
91%
D Turquie Zeki Çelik
88%
A France Jonathan Bamba
87%
D Croatie Domagoj Bradarić
83%
M France Jonathan Ikoné
83%
M Turquie Yusuf Yazici
82%
M France Benjamin André
76%
A Nigéria Victor Osimhen
75%
A Brésil Luiz Araújo
72%
M Portugal Renato Sanches
70%
D Portugal Tiago Djaló
70%
M Portugal Xeka
68%
D France Jérémy Pied
60%
D Brésil Gabriel
58%
D Mozambique Reinildo Mandava
58%
A France Loïc Rémy
53%
D France Adama Soumaoro
52%
M France Boubakary Soumaré
52%
M Brésil Thiago Maia
49%
M Argentine Nicolás Gaitán
33%
M Cameroun Jean Onana
30%
A Burkina Faso Abou Ouattara
23%
M Sénégal Cheikh Niasse
18%
Aucun quiz correspondant
Distribution des résultats
% des personnes avec chaque résultat
Percentile par nombre de réponses
Votre historique - résultats
Vous n’avez pas pris ce quiz